Monetárna teória

Recenzia publikácie GONDA, Vladimír: Monetárna teória (J.M. Keynes versus M. Friedman). Bratislava, Elita 1995. 116 s. Prehľad základných východísk moderných peňažných teórií. Teória dopytu po peniazoch. Spor Keynes versus Friedman. Ponuka peňazí a menové programovanie centrálnej banky.

Salvato in:
Dettagli Bibliografici
Autore principale: Komínková, Zora
Natura: Capitolo di libro
Lingua:slovacco
Soggetti:
Tags: Aggiungi Tag
Nessun Tag, puoi essere il primo ad aggiungerne!!

MARC

LEADER 00000naa a2200000 4500
001 r023239
005 20230921122337.6
041 0 |a slo 
044 |a SK 
245 1 0 |a Monetárna teória  |c Zora Komínková 
520 |a Recenzia publikácie GONDA, Vladimír: Monetárna teória (J.M. Keynes versus M. Friedman). Bratislava, Elita 1995. 116 s. Prehľad základných východísk moderných peňažných teórií. Teória dopytu po peniazoch. Spor Keynes versus Friedman. Ponuka peňazí a menové programovanie centrálnej banky. 
610 2 0 |a recenzie 
610 2 0 |a Keynes, J.M. 
610 2 0 |a Friedman, M. 
610 2 0 |a keynesizmus 
610 2 0 |a monetarizmus 
610 2 0 |a teórie ekonomické 
610 2 0 |a mena 
610 2 0 |a peniaze 
610 2 0 |a dopyt 
610 2 0 |a ponuka 
610 2 0 |a program menový 
610 2 0 |a báza menová 
610 2 0 |a agregáty menové 
100 1 |a Komínková, Zora